Catálogo
 En Linea

El extraño caso del Dr. Jekyll y Mr. Hyde / (Registro nro. 18882)

Detalles MARC
000 -CABECERA
campo de control de longitud fija 01005nam a2200277 a 4500
001 - NÚMERO DE CONTROL
campo de control 000019365
005 - FECHA Y HORA DE LA ÚLTIMA TRANSACCIÓN
campo de control 20200929170009.0
008 - DATOS DE LONGITUD FIJA--INFORMACIÓN GENERAL
campo de control de longitud fija 100626s1981 sp 000 f spa d
020 ## - NÚMERO INTERNACIONAL ESTÁNDAR DEL LIBRO
Número Internacional Estándar del Libro 8475250084
040 ## - FUENTE DE LA CATALOGACIÓN
Centro catalogador/agencia de origen DO-SdBNP
Lengua de catalogación spa
Centro/agencia transcriptor BNPHU
041 17 - CÓDIGO DE LENGUA
Código de lengua del texto/banda sonora o título independiente spa
Código de lengua original eng
Fuente del código Código de idiomas MARC
082 ## - NÚMERO DE LA CLASIFICACIÓN DECIMAL DEWEY
Número de clasificación 823.8
Número de documento/Ítem S847e
049 ## - FONDOS LOCALES (OCLC)
Fondos de biblioteca BNGR
100 1# - ENTRADA PRINCIPAL--NOMBRE DE PERSONA
Nombre de persona Stevenson, Robert Louis,
Fechas asociadas al nombre 1850-1894
9 (RLIN) 1070
240 14 - TÍTULO UNIFORME
Título uniforme The strange case of Dr. Jekyll and Mr. Hyde.
Lenguaje de la obra Español
245 13 - MENCIÓN DE TÍTULO
Título El extraño caso del Dr. Jekyll y Mr. Hyde /
Mención de responsabilidad, etc. Robert L. Stevenson ; traducción de Luis Sánchez Bardón.
260 ## - PUBLICACIÓN, DISTRIBUCIÓN, ETC.
Lugar de publicación, distribución, etc. Madrid :
Nombre del editor, distribuidor, etc. Generales Anaya,
Fecha de publicación, distribución, etc. 1981.
300 ## - DESCRIPCIÓN FÍSICA
Extensión 207, [1] p. :
Otras características físicas il. ;
Dimensiones 20 cm.
490 1# - MENCIÓN DE SERIE
Mención de serie Tus libros
Designación de volumen o secuencia 4
534 ## - NOTA SOBRE LA VERSIÓN ORIGINAL
Frase introductoria Título original en inglés:
Mención de título del original The strange case of Dr. Jekyll and Mr. Hyde.
Publicación, distribución, etc. del original New York : Scribner, 1886.
650 #4 - PUNTO DE ACCESO ADICIONAL DE MATERIA--TÉRMINO DE MATERIA
Término de materia o nombre geográfico como elemento de entrada Novela inglesa
9 (RLIN) 1071
650 #4 - PUNTO DE ACCESO ADICIONAL DE MATERIA--TÉRMINO DE MATERIA
Término de materia o nombre geográfico como elemento de entrada Literatura inglesa
9 (RLIN) 498
700 1# - PUNTO DE ACCESO ADICIONAL--NOMBRE DE PERSONA
Nombre de persona Sánchez Bardón, Luis,
Término indicativo de función/relación tr.
9 (RLIN) 41607
830 #0 - PUNTO DE ACCESO ADICIONAL DE SERIE-TÍTULO UNIFORME
Título uniforme Tus libros ;
Designación de volumen o secuencia 4
9 (RLIN) 41608
910 ## - DATOS DE OPCIÓN DEL USUARIO (OCLC)
Datos de opción del usuario WM
Existencias
Estado de retiro Estado de pérdida Restricciones de uso No para préstamo Código de colección Localización permanente Ubicación/localización actual Ubicación en estantería Fecha de adquisición Número de inventario Total de préstamos Signatura topográfica completa Código de barras Fecha visto por última vez Precio válido a partir de Tipo de ítem Koha
        Monografías: Libros y Folletos General General Depósito 26.06.2010 LF1   823.8 S847e 19365-10 25.06.2020 25.06.2020 Préstamo en sala

Con tecnología Koha